Brain Health / (Record no. 203657)

MARC details
000 -LEADER
fixed length control field 00953nam a2200301 i 4500
005 - DATE AND TIME OF LATEST TRANSACTION
control field 20260406155809.0
008 - FIXED-LENGTH DATA ELEMENTS--GENERAL INFORMATION
fixed length control field 260401t20252025my ad gr 001 0beng d
020 ## - INTERNATIONAL STANDARD BOOK NUMBER
International Standard Book Number 9781394273379
Terms of availability RM 90.09
Qualifying information paperback
040 ## - CATALOGING SOURCE
Original cataloging agency PPAK
Language of cataloging eng
Transcribing agency PPAK
Description conventions rda
082 04 - DEWEY DECIMAL CLASSIFICATION NUMBER
Edition number 23
Classification number 612.82
090 00 - LOCALLY ASSIGNED LC-TYPE CALL NUMBER (OCLC); LOCAL CALL NUMBER (RLIN)
Classification number (OCLC) (R) ; Classification number, CALL (RLIN) (NR) 612.82
Feature heading MCK
Feature heading G
100 1# - MAIN ENTRY--PERSONAL NAME
Personal name McKay, Sarah
Titles and words associated with a name DPhil
Relator term author.
245 10 - TITLE STATEMENT
Title Brain Health /
Statement of responsibility, etc. by Sarah McKay, DPhil ; Executive Editor : Boggier, Tracy
264 #1 - PRODUCTION, PUBLICATION, DISTRIBUTION, MANUFACTURE, AND COPYRIGHT NOTICE
Place of production, publication, distribution, manufacture Hoboken, New Jersey :
Name of producer, publisher, distributor, manufacturer John Wiley & Sons, Inc.,
Date of production, publication, distribution, manufacture, or copyright notice 2025
Date of production, publication, distribution, manufacture, or copyright notice ©2025
300 ## - PHYSICAL DESCRIPTION
Extent xvii, 360 pages :
Other physical details illustration, charts ;
Dimensions 24 cm
336 ## - CONTENT TYPE
Content type term text
Source rdacontent
337 ## - MEDIA TYPE
Media type term unmediated
Source rdamedia
338 ## - CARRIER TYPE
Carrier type term volume
Source rdacarrier
490 1# - SERIES STATEMENT
Series statement For dummies.
650 10 - SUBJECT ADDED ENTRY--TOPICAL TERM
Topical term or geographic name entry element Brain
Topical term or geographic name entry element Neurodiversity
Topical term or geographic name entry element Neuropsychology
Topical term or geographic name entry element Cognitive neuroscience
700 1# - ADDED ENTRY--PERSONAL NAME
Personal name Boggier, Tracy,
Relator term editor.
830 #0 - SERIES ADDED ENTRY--UNIFORM TITLE
Uniform title For dummies.
942 ## - ADDED ENTRY ELEMENTS (KOHA)
Source of classification or shelving scheme Dewey Decimal Classification
Koha item type Book

No items available.